[Event "euyr2018"]
[Site "?"]
[Date "2018.05.27"]
[Round "7.24"]
[White "Kuzma, Samuel"]
[Black "Sobek, Michal"]
[Result "0-1"]
[BlackElo "1830"]
[WhiteElo "1372"]
[LiveChessVersion "1.4.8"]

1. e4 {[%clk 0:20:13]} c5 {[%clk 0:20:18]} 2. Nf3 Nc6 3. d4 {[%clk 0:20:30]} cxd4
{[%clk 0:20:36]} 4. Nxd4 {[%clk 0:20:38]} g6 {[%clk 0:20:45]} 5. Nc3 Bg7 6. Be3
{[%clk 0:20:55]} Nf6 {[%clk 0:21:04]} 7. Bc4 {[%clk 0:20:50]} O-O
{[%clk 0:21:11]} 8. Bb3 {[%clk 0:20:53]} d6 {[%clk 0:21:02]} 9. O-O
{[%clk 0:20:52]} Ng4 {[%clk 0:21:03]} 10. Nxc6 {[%clk 0:20:47]} bxc6
{[%clk 0:21:09]} 11. Bd2 {[%clk 0:20:45]} Nf6 {[%clk 0:20:04]} 12. f3
{[%clk 0:18:51]} d5 {[%clk 0:19:00]} 13. exd5 {[%clk 0:18:43]} cxd5
{[%clk 0:19:09]} 14. Be3 {[%clk 0:17:40]} e6 {[%clk 0:17:59]} 15. Re1
{[%clk 0:17:06]} Bd7 {[%clk 0:16:08]} 16. Qd2 {[%clk 0:15:44]} a5
{[%clk 0:16:15]} 17. a4 {[%clk 0:15:34]} Re8 {[%clk 0:15:52]} 18. Bh6
{[%clk 0:15:26]} Bh8 {[%clk 0:16:00]} 19. Kh1 {[%clk 0:15:00]} Bc6
{[%clk 0:14:52]} 20. Rad1 {[%clk 0:12:58]} Nh5 {[%clk 0:12:58]} 21. Be3
{[%clk 0:11:56]} Rb8 {[%clk 0:11:10]} 22. Bc5 {[%clk 0:09:55]} Qc7
{[%clk 0:09:36]} 23. Qe3 {[%clk 0:04:40]} Ng7 {[%clk 0:07:43]} 24. Qe2
{[%clk 0:02:01]} Nf5 {[%clk 0:06:59]} 25. Bg1 {[%clk 0:00:17]} Qb7
{[%clk 0:05:39]} 26. Rb1 {[%clk 0:00:12]} Qd7 {[%clk 0:04:47]} 27. Qa6
{[%clk 0:00:12]} Ra8 {[%clk 0:04:45]} 28. Qe2 {[%clk 0:00:21]} Bxc3
{[%clk 0:04:29]} 29. bxc3 {[%clk 0:00:26]} Bxa4 {[%clk 0:04:38]} 30. Rb2
{[%clk 0:00:12]} Bxb3 {[%clk 0:04:36]} 31. cxb3 {[%clk 0:00:18]} Qc6
{[%clk 0:04:44]} 32. Rc1 {[%clk 0:00:24]} Reb8 {[%clk 0:04:53]} 33. Qd3
{[%clk 0:00:13]} a4 {[%clk 0:04:57]} 34. b4 {[%clk 0:00:19]} a3 {[%clk 0:05:06]}
35. Ra2 {[%clk 0:00:29]} Rxb4 {[%clk 0:05:15]} 36. cxb4 Qxc1 {[%clk 0:05:23]} 37.
b5 {[%clk 0:00:37]} Nd6 {[%clk 0:04:44]} 38. b6 {[%clk 0:00:40]} Nc4
{[%clk 0:04:53]} 39. b7 {[%clk 0:00:42]} Rb8 {[%clk 0:04:13]} 40. Qb3
{[%clk 0:00:46]} Qe1 {[%clk 0:04:20]} 41. h3 {[%clk 0:00:47]} Qa5
{[%clk 0:03:44]} 42. Bh2 {[%clk 0:00:52]} e5 {[%clk 0:03:53]} 43. f4
{[%clk 0:00:54]} f6 {[%clk 0:03:56]} 44. fxe5 fxe5 {[%clk 0:04:05]} 45. Bg1
{[%clk 0:00:51]} Qa6 {[%clk 0:04:06]} 46. Qf3 {[%clk 0:00:51]} Qxb7
{[%clk 0:04:13]} 47. Qd3 {[%clk 0:00:16]} Rd8 {[%clk 0:03:27]} 48. Bc5
{[%clk 0:00:13]} Rb8 {[%clk 0:02:23]} 0-1